01110nam a22003138i 4500999001700000001001000017003000900027005001700036008004100053020002500094040004100119082001700160245005500177250002000232264004400252300007000296336002600366336003300392337002800425338002700453500002800480500002000508630002800528650002500556653002000581655002400601942001200625952015900637 c29112d29083019648171EG-ScBUE20210426103509.0191118s2019 enka f 001 0 eng d a9781909414945 (pbk.) aStDuBDSbengerdacStDuBDSdEG-ScBUE04a776bBEG22200aBeginner's guide to digital painting in Photoshop. aSecond edition. 1aWorcester :b3DTotal Publishing,c2019. a284 pages :billustrations (black and white, and colour) ;c30 cm atext2rdacontentbtxt astill image2rdacontentbtxt aunmediated2rdamediabn avolume2rdacarrierbnc aPrevious edition: 2011. aIncludes index.07aAdobe Photoshop.2BUEsh 7aComputer art.2BUEsh bGGENcApril2021 vReading book934232 2ddccBB 00102ddc40708BaccahaMAINbMAINc2NDd2021-04-26ePurchaseg650.00l4m73o776 BEGp000050229r2025-07-15 00:00:00s2023-10-10v812.50w2021-04-26yBB